RTG TERAPIA PRI SPONDYLARTHRITIS ANKYLOPOETICA

Bibliographic Details
Main Authors: Kostka, D. (Author), Niepel, Gustáv, 1920-1987 (Author)
Format: Article
Language:Slovak

MARC

LEADER 00000nab a2200000ua 4500
001 vtls010795841
003 SK-MaSNL
005 20260303123943.0
008 230214s1961 xo |||||||||||||||||slo|
035 |a (urnnbn)urn:nbn:sk:snk:ar-a03d5x 
035 |a (uuid)3d47487e-2299-42a0-9a3b-4ebb191e74f3 
035 |a urn:nbn:sk:snk-ab57uf 
040 |a SNKBUCL  |b slo  |c SNKBUCL  |e AACR2 
041 0 |a slo 
044 |a xo  |c SK 
100 1 |a Kostka, D.  |4 aut  |9 1120176 
245 1 0 |a RTG TERAPIA PRI SPONDYLARTHRITIS ANKYLOPOETICA  |c D. Kostka, G. Niepel 
700 1 |a Niepel, Gustáv,  |d 1920-1987  |4 aut  |9 253048 
773 0 |t Bratislavské lekárske listy  |g Roč. 41, č. 7 (1961), s. 436-440 
954 |a odborná, vedecká literatúra pôvodná (slovenská)  |2 lita 
958 |a OND 
958 |a EUIPO 
958 |a article3 
999 |c 1928708  |d 1930638